50 años de economía : (Registro nro. 5510)
[ vista simple ]
| 000 -LEADER | |
|---|---|
| fixed length control field | 01248nam a2200241Ia 4500 |
| 003 - CONTROL NUMBER IDENTIFIER | |
| control field | OSt |
| 005 - DATE AND TIME OF LATEST TRANSACTION | |
| control field | 20200722175013.0 |
| 008 - FIXED-LENGTH DATA ELEMENTS--GENERAL INFORMATION | |
| fixed length control field | 191128s1987 ck ado gr 000 0 spa d |
| 040 ## - CATALOGING SOURCE | |
| Original cataloging agency | CO-JMCR |
| Transcribing agency | CO-JMCR |
| 041 1# - LANGUAGE CODE | |
| Language code of text/sound track or separate title | spa |
| 082 04 - DEWEY DECIMAL CLASSIFICATION NUMBER | |
| Classification number | 330.9861063 / |
| Item number | C112a |
| Edition number | 23 |
| 100 ## - MAIN ENTRY--PERSONAL NAME | |
| Personal name | Caballero Argaez, Carlos, |
| Relator term | autor |
| 9 (RLIN) | 2409 |
| 245 10 - TITLE STATEMENT | |
| Title | 50 años de economía : |
| Remainder of title | de la crísis del treinta a la del ochenta / |
| Statement of responsibility, etc. | Carlos Caballero Argaez |
| 260 ## - PUBLICATION, DISTRIBUTION, ETC. | |
| Place of publication, distribution, etc. | Bogotá : |
| Name of publisher, distributor, etc. | Sociedad de Asesoría Industrial Clacec : Presencia : Asociación Bancaria de Colombia, |
| Date of publication, distribution, etc. | 1987. |
| 300 ## - PHYSICAL DESCRIPTION | |
| Extent | 238 páginas : |
| Other physical details | gráficos a blanco y negro, 4 fotografías ; |
| Dimensions | 23 cm. |
| 505 0# - FORMATTED CONTENTS NOTE | |
| Formatted contents note | De la crisis del treinta a la del ochenta -- La economía colombiana en 1936: entre la gran depresión y la segunda guerra mundial -- Crisis cafetera, guerra mundial y desarrollo económico -- Los años cincuenta: vicisitudes políticas y económicas |
| 520 0# - SUMMARY, ETC. | |
| Summary, etc. | Un ensayo sobre el proceso económico entre 1936 y 1986, la evolución del sistema financiero y medio siglo de vida de la Asociación Bancaria |
| 650 14 - SUBJECT ADDED ENTRY--TOPICAL TERM | |
| Topical term or geographic name entry element | Economía colombiana |
| 9 (RLIN) | 7644 |
| 650 24 - SUBJECT ADDED ENTRY--TOPICAL TERM | |
| Topical term or geographic name entry element | Crisis económica |
| 9 (RLIN) | 7645 |
| 650 24 - SUBJECT ADDED ENTRY--TOPICAL TERM | |
| Topical term or geographic name entry element | Estadísticas económicas |
| 9 (RLIN) | 7646 |
| 650 24 - SUBJECT ADDED ENTRY--TOPICAL TERM | |
| Topical term or geographic name entry element | Sistema financiero |
| 9 (RLIN) | 7647 |
| 942 ## - ADDED ENTRY ELEMENTS (KOHA) | |
| Source of classification or shelving scheme | Dewey Decimal Classification |
| Koha item type | Books |
| Withdrawn status | Lost status | Source of classification or shelving scheme | Materials specified (bound volume or other part) | Damaged status | Not for loan | Home library | Current library | Shelving location | Date acquired | Source of acquisition | Full call number | Barcode | Date last seen | Copy number | Price effective from | Koha item type | Total Checkouts |
|---|---|---|---|---|---|---|---|---|---|---|---|---|---|---|---|---|---|
| Dewey Decimal Classification | Donación--15/04/2018-- | Biblioteca Pública José María del Castillo y Rada | Biblioteca Pública José María del Castillo y Rada | General Stacks | 11/28/2019 | Donación | 330.9861063 / C112a | 430002201 | 05/16/2024 | Ej.2 | 11/28/2019 | Books | |||||
| Dewey Decimal Classification | Donación--15/04/2018-- | Biblioteca Pública José María del Castillo y Rada | Biblioteca Pública José María del Castillo y Rada | General Stacks | 11/28/2019 | Donación | 330.9861063 / C112a | 430002202 | 05/16/2024 | Ej.1 | 11/28/2019 | Books |